Celosvetový kódex správania na devízových trhoch: FX Global Code

Po viac ako trojročnej príprave bol v máji 2017 zverejnený celosvetový kódex správania pri obchodovaní na devízovom trhu s názvom FX Global Code. Jeho zverejnenie uvítali mnohé centrálne banky z hlavných svetových aj z menších krajín, keďže jeho cieľom je prispieť k dobre fungujúcemu, čestnému a tra...

Ausführliche Beschreibung

Gespeichert in:
Bibliographische Detailangaben
1. Verfasser: Kosáková, Miroslava
Format: Buchkapitel
Sprache:Slowakisch
Schlagworte:
Tags: Tag hinzufügen
Keine Tags, Fügen Sie das erste Tag hinzu!

MARC

LEADER 00000naa a2200000 4500
001 0234049
005 20220805073415.3
041 0 |a slo 
044 |a SK 
245 1 0 |a Celosvetový kódex správania na devízových trhoch: FX Global Code  |c Miroslava Kosáková 
520 |a Po viac ako trojročnej príprave bol v máji 2017 zverejnený celosvetový kódex správania pri obchodovaní na devízovom trhu s názvom FX Global Code. Jeho zverejnenie uvítali mnohé centrálne banky z hlavných svetových aj z menších krajín, keďže jeho cieľom je prispieť k dobre fungujúcemu, čestnému a transparentnému celosvetovému devízovému trhu. Kódex funguje na základe dobrovoľného záväzku prevzatia princípov trhovým účastníkom, ktorý prispieva k jeho reputačnému charakteru. 
610 2 0 |a trh devízový 
610 2 0 |a banky centrálne 
610 2 0 |a kódexy etické 
610 2 0 |a indexy akciové 
610 2 0 |a trh finančný 
100 1 |a Kosáková, Miroslava